Statistics for Towns and cities with unusual names (vol. VII)

Click here to take the quiz!

General Stats

  • This quiz has been taken 8 times
  • The average score is 7 of 20

Answer Stats

TownCountry% Correct
WormsGermany
100%
Useless LoopAustralia
80%
Turkey ScratchUSA
80%
Pain CourtCanada
60%
DongoDR Congo
60%
KyyyRussia
60%
Horní PoliceCzech Republic
40%
DadHungary
40%
Ta' XbiexMalta
40%
Pwe Hnyet SanMyanmar
40%
CatbrainUK
40%
RotteneggAustria
20%
Grand-PopoBenin
20%
Te PukeNew Zealand
20%
BitschSwitzerland
20%
Dadoboy KholmatovTajikistan
20%
Pie CornerBarbados
0%
ReekNetherlands
0%
BabyPoland
0%
CovidePortugal
0%

Score Distribution

Percentile by Number Answered

Percent of People with Each Score

Your Score History

You have not taken this quiz